| 000 | 01151nam a2200253 i 4500 | ||
|---|---|---|---|
| 001 | 153513 | ||
| 003 | ES-MaACL | ||
| 005 | 20250724205412.0 | ||
| 008 | 970409s1863 sp |||| | spa d | ||
| 245 | 0 | 0 | _aDiscursos leídos ante la Real Academia de la Historia en la recepción pública de Don José Oliver y Hurtado, presbítero. |
| 260 |
_aMadrid : _b[s.n.], _c1863 ( _fImp. de José Rodríguez) |
||
| 300 |
_a71 p. ; _c26 cm. |
||
| 530 | _aDisponible en formato digital. | ||
| 594 | _aRecoge los discursos de José Oliver y Hurtado, y contestación de Carlos Ramón Fort. | ||
| 650 | 7 |
_aViajes por mar- _zPenínsula ibérica _2 _9151209 |
|
| 651 | 4 |
_aEspaña- _xHistoria naval. _98375 |
|
| 651 | 4 |
_aEspaña- _xGeografía histórica. _9141109 |
|
| 700 | 1 |
_aOliver y Hurtado, José. _9130628 |
|
| 700 | 1 |
_aFort, Carlos Ramón, _d1807-1878 _951833 |
|
| 710 | 2 |
_aReal Academia de la Historia (España) _96309 |
|
| 852 |
_aES-MaACL _jT-64-F-1 _z- Enc. hol., falto de cub. original _z- Enc. en un vol. facticio |
||
| 856 |
_uhttp://bdh-rd.bne.es/viewer.vm?id=0000092450&page=1 _zBiblioteca Digital Hispánica |
||
| 999 |
_c153513 _d153513 |
||